Derecho comercial.

Sábháilte in:
Sonraí bibleagrafaíochta
Príomhchruthaitheoir: Varela Varela, Raúl (autor)
Formáid: LEABHAR
Teanga:Béarla
Foilsithe / Cruthaithe: Santiago, Chile: Universitaria, 1966.
Ábhair:
Clibeanna: Cuir clib leis
Níl clibeanna ann, Bí ar an gcéad duine le clib a chur leis an taifead seo!

MARC

LEADER 00000nam a22000007a 4500
003 CL-VaPUC
005 20241010171232.0
008 241008t1966 ||||| |||| 00| 0 eng d
999 |c 445061  |d 445059 
040 |c Pontificia Universidad Católica de Valparaíso 
082 |2 22  |a 346.8307 VAR 1966 
100 |9 561500  |a Varela Varela, Raúl  |e autor 
245 |a Derecho comercial. 
260 |a Santiago, Chile:  |b Universitaria,  |c 1966. 
300 |a Tomos. 
500 |a c.1. Tomo III: Donación. Biblioteca de Derecho. Memo DER N° 042. 03-10-2024 
505 |a t.III: Obligaciones y contratos. 
583 |c 20241008  |k Yessy Sthefany Diaz Vidal 
650 0 |9 256340  |a Derecho comercial   |x Contratos y obligaciones  |z Chile 
650 0 |9 371888  |a Derecho mercantil  |x Código civil   |z Chile 
942 |2 ddc  |c BK 
952 |0 0  |1 0  |2 ddc  |4 0  |6 346_830700000000000_VAR_1966  |7 0  |8 A  |9 597271  |a BIBDER  |b BIBDER  |d 2024-10-08  |e Donación  |h t.III  |i 5663008  |o 346.8307 VAR 1966  |p 5663008  |r 2024-10-08  |t 1  |w 2024-10-08  |y BK  |k DER